Potoki w Gdyni - Statystyki

Ogólne statystyki
  • Ten quiz został rozwiązany 6 razy
    4 od ostatniego zresetowania
  • Średni wynik to 5 z 9
Statystyki odpowiedzi
Długość (km) Potok % Poprawnych
1,59 Chylonka
100%
14,8 Kacza
100%
2 Potok Kolibkowski
75%
10,5 Źródło Marii
75%
12 Cisowska Struga
50%
2,6 Swelina
50%
3,2 Potok Chyloński
25%
3 Potok Demptowski
25%
2-3 Potok Marszewski
25%
Nie znaleziono quizów pasujących do podanych kryteriów
Rozkład punktacji
Procent ludzi z każdym wynikiem
Percentyl według liczby udzielonych odpowiedzi
Twoja historia wyników
Nie rozwiązałeś tego quizu od ostatniego zresetowania